PRINCIPLES OF SOIL PHYSICS (Record no. 216517)

MARC details
000 -LEADER
fixed length control field 00464nam a22001697a 4500
008 - FIXED-LENGTH DATA ELEMENTS--GENERAL INFORMATION
fixed length control field 260203b |||||||| |||| 00| 0 eng d
020 ## - INTERNATIONAL STANDARD BOOK NUMBER
International Standard Book Number 0-8247-5324-0
100 ## - MAIN ENTRY--PERSONAL NAME
Personal name LAL, RATTAN
245 ## - TITLE STATEMENT
Title PRINCIPLES OF SOIL PHYSICS
260 ## - PUBLICATION, DISTRIBUTION, ETC.
Place of publication, distribution, etc. NEW YORK
Name of publisher, distributor, etc. MARCEL DEKKER
Date of publication, distribution, etc. 2004
300 ## - PHYSICAL DESCRIPTION
Extent XIV, 682P.
500 ## - GENERAL NOTE
General note INCLUDES INDEX
650 ## - SUBJECT ADDED ENTRY
Topical term or geographic name entry element 1. SOIL PHYSICS 2. SOILS ANALYSIS 3. SOIL SCIENCE
700 ## - ADDED ENTRY--PERSONAL NAME
Personal name SHUKLA, MANOJ
942 ## - ADDED ENTRY ELEMENTS (KOHA)
Source of classification or shelving scheme Library of Congress Classification
Koha item type Long Loan Book
Holdings
Withdrawn status Lost status Source of classification or shelving scheme Damaged status Not for loan Collection Home library Current library Shelving location Date acquired Inventory number Total checkouts Full call number Barcode Date last seen Copy number Price effective from Koha item type
    Library of Congress Classification     Science & Technology Kisii University Library Kisii University Library On Display 02/03/2026 111442   S 592 .L35 2004 50234 02/03/2026 C.1 02/03/2026 Long Loan Book
    Library of Congress Classification     Science & Technology Kisii University Library Kisii University Library On Display 02/03/2026 111443   S 592 .L35 2004 50233 02/03/2026 C.2 02/03/2026 Long Loan Book
    Library of Congress Classification     Science & Technology Kisii University Library Kisii University Library On Display 02/03/2026 111444   S 592 .L35 2004 50235 02/03/2026 C.3 02/03/2026 Long Loan Book